Catálogo
 En Linea

Justicia y razón : (Registro nro. 46267)

Detalles MARC
000 -CABECERA
campo de control de longitud fija 01261nas a2200241 a 4500
005 - FECHA Y HORA DE LA ÚLTIMA TRANSACCIÓN
campo de control 20250611114719.0
007 - CAMPO FIJO DE DESCRIPCIÓN FÍSICA--INFORMACIÓN GENERAL
campo de control de longitud fija ta
008 - DATOS DE LONGITUD FIJA--INFORMACIÓN GENERAL
campo de control de longitud fija 180323e2000 dr q p|r ||00 | spa d
040 ## - FUENTE DE LA CATALOGACIÓN
Centro catalogador/agencia de origen DO-SdBNP
Centro/agencia transcriptor DO-SdBNP
Normas de descripción rda
041 ## - CÓDIGO DE LENGUA
Código de lengua original spa
111 ## - ENTRADA PRINCIPAL--NOMBRE DE CONGRESO/REUNIÓN
Nombre de congreso/reunión o jurisdicción como elemento de entrada Encuentro Justicia y Prensa.
Sede del congreso/Lugar de la reunión Santo Domingo, República Dominicana
Fecha del congreso/reunión 2000
9 (RLIN) 87538
245 #0 - MENCIÓN DE TÍTULO
Título Justicia y razón :
Resto del título primera conferencia del Poder Judicial.
264 ## - PRODUCCIÓN, PUBLICACIÓN, DISTRIBUCIÓN, FABRICACIÓN Y COPYRIGHT
Producción, publicación, distribución, fabricación y copyright Santo Domingo, República Dominicana :
Nombre del de productor, editor, distribuidor, fabricante Escuela Nacional de la Judicatura,
Fecha de producción, publicación, distribución, fabricación o copyright 2000.
300 ## - DESCRIPCIÓN FÍSICA
Extensión volumen :
Otras características físicas ilustraciones, fotografías ;
Dimensiones 28 cm.
310 ## - PERIODICIDAD ACTUAL
Periodicidad actual Trimestral
336 ## - TIPO DE CONTENIDO
Término de tipo de contenido texto
Código de tipo de contenido txt
Fuente rdacontent
337 ## - TIPO DE MEDIO
Nombre/término del tipo de medio sin mediación
Código del tipo de medio n
Fuente rdamedia
338 ## - TIPO DE SOPORTE
Nombre/término del tipo de soporte volumen
Código del tipo de soporte nc
Fuente rdacarrier
362 ## - FECHAS DE PUBLICACIÓN Y/O DESIGNACIÓN SECUENCIAL
Fecha de publicación y/o designación secuencial Año 1. No. 1. Septiembre 2000.
520 ## - SUMARIO, ETC.
Sumario, etc. Desde el punto de vista teleológico, la creación de las instituciones viene a fungir como punto de partida para consecución de todo aquello que tienda a la perfección holística de la grey humana en la faz de la tierra, a sabiendas de que tanto el hombre como la mujer tienen como designio la búsqueda de la felicidad, tras enmarcar sus actos dentro de la esfera del bien.
650 #0 - PUNTO DE ACCESO ADICIONAL DE MATERIA--TÉRMINO DE MATERIA
Término de materia o nombre geográfico como elemento de entrada Justicia
9 (RLIN) 46174
Subdivisión de forma Publicaciones periódicas
Subdivisión geográfica República Dominicana
942 ## - ELEMENTOS DE PUNTO DE ACCESO ADICIONAL (KOHA)
Fuente del sistema de clasificación o colocación Dewey Decimal Classification
Tipo de ítem Koha Publicación periódica
Existencias
Estado de retiro Estado de pérdida Fuente del sistema de clasificación o colocación Estado dañado Restricciones de uso No para préstamo Código de colección Localización permanente Ubicación/localización actual Fecha de adquisición Enumeración/cronología de publicación seriada Total de préstamos Código de barras Fecha visto por última vez Número de copia Precio válido a partir de Tipo de ítem Koha Nota pública
    Dewey Decimal Classification   Préstamo en sala   Hemeroteca Biblioteca Nacional Pedro Henríquez Ureña Biblioteca Nacional Pedro Henríquez Ureña 25.04.2025 Año 1. No. 1. Septiembre 2000.   2025-3699 25.04.2025 e.1 25.04.2025 Publicación periódica Primera Conferencia del Poder Judicial.
    Dewey Decimal Classification   Préstamo en sala   Hemeroteca Biblioteca Nacional Pedro Henríquez Ureña Biblioteca Nacional Pedro Henríquez Ureña 25.04.2025 Año 1. No. 1. Septiembre 2000.   2025-3700 25.04.2025 e.2 25.04.2025 Publicación periódica Primera Conferencia del Poder Judicial.

Con tecnología Koha